Some Modern Methods of Organic Synthesis (Record no. 1381)

MARC details
000 -LEADER
fixed length control field 00866cam a2200289 a 4500
001 - CONTROL NUMBER
control field 3805814
003 - CONTROL NUMBER IDENTIFIER
control field OSt
005 - DATE AND TIME OF LATEST TRANSACTION
control field 20170215193247.0
008 - FIXED-LENGTH DATA ELEMENTS--GENERAL INFORMATION
fixed length control field 850820s1986 enka b 001 0 eng
010 ## - LIBRARY OF CONGRESS CONTROL NUMBER
LC control number 85021270
020 ## - INTERNATIONAL STANDARD BOOK NUMBER
International Standard Book Number 0521322340
020 ## - INTERNATIONAL STANDARD BOOK NUMBER
International Standard Book Number 0521311179
040 ## - CATALOGING SOURCE
Original cataloging agency DLC
Transcribing agency DLC
Modifying agency DLC
050 00 - LIBRARY OF CONGRESS CALL NUMBER
Classification number QD262
Item number .C33 1986
082 00 - DEWEY DECIMAL CLASSIFICATION NUMBER
Classification number 547.2
Edition number 19
Item number CAR 1987
100 1# - MAIN ENTRY--PERSONAL NAME
Personal name Carruthers, W.
9 (RLIN) 3655
245 10 - TITLE STATEMENT
Title Some Modern Methods of Organic Synthesis
250 ## - EDITION STATEMENT
Edition statement 3rd ed.
260 ## - PUBLICATION, DISTRIBUTION, ETC. (IMPRINT)
Name of publisher, distributor, etc. Cambridge University Press,
Date of publication, distribution, etc. 1986.
300 ## - PHYSICAL DESCRIPTION
Extent xii, 526 p. :
Other physical details ill. ;
Dimensions 24 cm.
504 ## - BIBLIOGRAPHY, ETC. NOTE
Bibliography, etc Bibliography, & Index included
650 #0 - SUBJECT ADDED ENTRY--TOPICAL TERM
Topical term or geographic name as entry element Organic chemistry
9 (RLIN) 814
650 #0 - SUBJECT ADDED ENTRY--TOPICAL TERM
Topical term or geographic name as entry element Organic synthesis
9 (RLIN) 4090
856 41 - ELECTRONIC LOCATION AND ACCESS
Materials specified Table of contents
Uniform Resource Identifier http://www.loc.gov/catdir/toc/cam028/85021270.html
906 ## - LOCAL DATA ELEMENT F, LDF (RLIN)
a 7
b cbc
c orignew
d 1
e ocip
f 19
g y-gencatlg
942 ## - ADDED ENTRY ELEMENTS (KOHA)
Source of classification or shelving scheme Dewey Decimal Classification
Koha item type Short Loan
Holdings
Withdrawn status Lost status Source of classification or shelving scheme Damaged status Not for loan Home library Current library Date acquired Inventory number Total Checkouts Full call number Barcode Date last seen Koha item type
    Dewey Decimal Classification     MUST Main Library MUST Main Library 09/04/2015 02/17695   547.2 CAR 1987 2015-0858 09/04/2015 Short Loan